NLSUI OPAC header image

The Karnataka court fees and suits valuation act, 1958, and rules, 1960 (as amended by Karnataka Act no. 7 of 1996) / (Record no. 19052)

MARC details
000 -LEADER
fixed length control field 01074nam a2200217Ia 4500
003 - CONTROL NUMBER IDENTIFIER
control field OSt
005 - DATE AND TIME OF LATEST TRANSACTION
control field 20260421100320.0
008 - FIXED-LENGTH DATA ELEMENTS--GENERAL INFORMATION
fixed length control field 160316s1993 xxu||||| |||| 00| 0 eng d
040 ## - CATALOGING SOURCE
Transcribing agency .
082 ## - DEWEY DECIMAL CLASSIFICATION NUMBER
Classification number 347.01 SIV
100 ## - MAIN ENTRY--PERSONAL NAME
Personal name Siva Prasad, K. V.
245 ## - TITLE STATEMENT
Title The Karnataka court fees and suits valuation act, 1958, and rules, 1960 (as amended by Karnataka Act no. 7 of 1996) /
Statement of responsibility, etc. K. V. Siva Prasad
260 ## - PUBLICATION, DISTRIBUTION, ETC.
Place of publication, distribution, etc. Bangalore :
Name of publisher, distributor, etc. SBC Law Publications,
Date of publication, distribution, etc. 1993.
300 ## - PHYSICAL DESCRIPTION
Extent v, 320 p. ;
Dimensions 23 cm.
365 ## - TRADE PRICE
Price amount Rs.225
505 ## - FORMATTED CONTENTS NOTE
Formatted contents note Chapter I Preliminary<br/>Chapter II: Liability to Pay Fee;<br/>Chapter III: Determination of Fee<br/>Chapter IV Computation of Fee<br/>Chapter V: Valuation of Suits;<br/>Chapter VI: Probates, Letters of Administration and Certificates of Administration;<br/>Chapter VII: Refunds and Remissions;<br/>Chapter VIII Miscellaneous<br/>Subject Index;<br/>Ready Referencer.<br/>List of Cases<br/><br/><br/><br/>
650 ## - SUBJECT ADDED ENTRY--TOPICAL TERM
Topical term or geographic name entry element Suit Valuation -- Court Fees -- Karnataka
700 ## - ADDED ENTRY--PERSONAL NAME
Personal name
--
856 ## - ELECTRONIC LOCATION AND ACCESS
Uniform Resource Identifier <a href="/cgi-bin/koha/opac-retrieve-file.pl?id=838ed2aa725dbd7db0354e7fab83f7da">/cgi-bin/koha/opac-retrieve-file.pl?id=838ed2aa725dbd7db0354e7fab83f7da</a>
942 ## - ADDED ENTRY ELEMENTS (KOHA)
Source of classification or shelving scheme Dewey Decimal Classification
Koha item type BOOKs
Holdings
Withdrawn status Lost status Damaged status Not for loan Home library Current library Shelving location Date acquired Cost, normal purchase price Total Checkouts Full call number Barcode Date last seen Price effective from Koha item type
        . .   30.05.2017 225.00   347.01 SIV-1 16834 30.05.2017 30.05.2017 BOOKs
        . .   30.05.2017 225.00   347.01 SIV-2 16835 30.05.2017 30.05.2017 BOOKs
        . .   30.05.2017 225.00   347.01 SIV-3 16836 14.06.2024 30.05.2017 BOOKs